ལྷོ་འབྲུག་ཆོས་འབྱུང་། (Record no. 513)
[ view plain ]
| 000 -LEADER | |
|---|---|
| fixed length control field | 00561nam a2200193 4500 |
| 001 - CONTROL NUMBER | |
| control field | 706 |
| 005 - DATE AND TIME OF LATEST TRANSACTION | |
| control field | 20190813100856.0 |
| 008 - FIXED-LENGTH DATA ELEMENTS--GENERAL INFORMATION | |
| fixed length control field | 190813b ||||| |||| 00| 0 eng d |
| 020 00 - INTERNATIONAL STANDARD BOOK NUMBER | |
| International Standard Book Number | 999361078 |
| 090 00 - LOCALLY ASSIGNED LC-TYPE CALL NUMBER (OCLC); LOCAL CALL NUMBER (RLIN) | |
| Classification number (OCLC) (R) ; Classification number, CALL (RLIN) (NR) | 294.39230901 |
| 100 00 - MAIN ENTRY--PERSONAL NAME | |
| Personal name | Rinchen, Gyeduen. |
| 245 00 - TITLE STATEMENT | |
| Title | ལྷོ་འབྲུག་ཆོས་འབྱུང་། |
| Statement of responsibility, etc. | Gyeduen Rinchen. |
| 246 ## - VARYING FORM OF TITLE | |
| Title proper/short title | [History of Buddhism]. |
| 260 00 - PUBLICATION, DISTRIBUTION, ETC. | |
| Place of publication, distribution, etc. | Thimphu : |
| Name of publisher, distributor, etc. | KMT Publishing House, |
| Date of publication, distribution, etc. | 2005 |
| 300 00 - PHYSICAL DESCRIPTION | |
| Extent | xxv, 491 p. |
| 500 00 - GENERAL NOTE | |
| General note | In Dzongkha |
| 650 00 - SUBJECT ADDED ENTRY--TOPICAL TERM | |
| Topical term or geographic name entry element | Buddhism --Bhutan --History. |
| 942 ## - ADDED ENTRY ELEMENTS (KOHA) | |
| Source of classification or shelving scheme | Dewey Decimal Classification |
| Koha item type | Dzongkha |
| Withdrawn status | Lost status | Source of classification or shelving scheme | Damaged status | Not for loan | Collection code | Home library | Current library | Shelving location | Date acquired | Cost, normal purchase price | Serial Enumeration / chronology | Inventory number | Total Checkouts | Total Renewals | Full call number | Barcode | Date last seen | Date last checked out | Copy number | Price effective from | Koha item type |
|---|---|---|---|---|---|---|---|---|---|---|---|---|---|---|---|---|---|---|---|---|---|
| Dewey Decimal Classification | Dzongkha | RTC Library | RTC Library | Dzongkha | 28/03/2022 | 295.00 | 3559 | 2 | 1 | 954.98 RIN | 30002302 | 08/05/2025 | 09/04/2025 | 2 | 27/11/2018 | Dzongkha | |||||
| Dewey Decimal Classification | Dzongkha | RTC Library | RTC Library | Dzongkha | 01/03/2021 | 295.00 | 3560 | 7 | 3 | 954.98 RIN | 30004909 | 05/03/2026 | 07/05/2024 | 4 | 27/11/2018 | Dzongkha | |||||
| Missing | Dewey Decimal Classification | Reference | RTC Library | RTC Library | Reference | 05/03/2022 | 590.00 | 1856 | 242.763 R579h 2005 | 30002296 | 27/11/2018 | 3 | 27/11/2018 | Reference | |||||||
| Dewey Decimal Classification | Dzongkha | RTC Library | RTC Library | Dzongkha | 28/03/2022 | 295.00 | 3558 | 954.98 RIN | 30004666 | 27/11/2018 | 5 | 27/11/2018 | Dzongkha | ||||||||
| Missing | Dewey Decimal Classification | Dzongkha | RTC Library | RTC Library | Dzongkha | 05/03/2022 | 590.00 | 1855 | 4 | 2 | 954.98 RIN | 30002288 | 10/08/2020 | 14/04/2020 | 1 | 27/11/2018 | Dzongkha |